|
|
|
|
| LEADER |
01104nam a2200265 u 4500 |
| 001 |
10024321 |
| 003 |
upatras |
| 005 |
20210117205843.0 |
| 008 |
980211s1996 ge eng |
| 020 |
|
|
|a 3540601791
|q (Χαρτόδετο)
|
| 040 |
|
|
|a GR-PaULI
|c GR-PaULI
|
| 041 |
0 |
|
|a eng
|
| 082 |
0 |
4 |
|a 539.702 85
|
| 245 |
1 |
0 |
|a Computational atomic physics
|b electron and positron collisions with atoms and ions
|c Klaus Bartschat (Ed.)
|
| 260 |
|
|
|a Berlin
|b Springer
|c 1996
|
| 300 |
|
|
|a xviii, 249 p.
|b fig.
|c 24 cm
|
| 500 |
|
|
|a With 13 figures, 78 suggested problems and a 31/2" MS-DOS diskette
|
| 505 |
1 |
|
|a Includes references, subject index
|
| 650 |
|
4 |
|a Πυρηνική φυσική
|9 78
|
| 650 |
|
4 |
|a Πυρηνική φυσική
|x Επεξεργασία δεδομένων
|9 150594
|
| 700 |
1 |
|
|a Bartschat, Klaus
|9 150595
|
| 852 |
|
|
|a GR-PaULI
|b ΠΑΤΡΑ
|b ΦΥΣΙΚΟ
|k ΑΕΧ-1
|h 539.702 85 BAR
|m 06287
|t 1
|
| 942 |
|
|
|2 ddc
|c BK15
|
| 952 |
|
|
|0 0
|1 0
|4 0
|6 539_702000000000000_85_BAR
|7 0
|9 193432
|a PHYS
|b PHYS
|d 2016-04-24
|i 06287
|l 0
|o 539.702 85 BAR
|r 2016-04-24 00:00:00
|t 1
|w 2016-04-24
|y BK15
|
| 999 |
|
|
|c 118594
|d 118594
|